000 00233nam a2200097Ia 4500
008 230508s1998 xx 000 0 und d
041 _aeng
100 _aVIJENDRA SINGH
245 _aHEAT TRANSFAR OF METALS
260 _bSTAND PUB
_c1998
999 _c714404
_d714404